<?xml version="1.0" encoding="UTF-8"?>
<record
    xmlns:xsi="http://www.w3.org/2001/XMLSchema-instance"
    xsi:schemaLocation="http://www.loc.gov/MARC21/slim http://www.loc.gov/standards/marcxml/schema/MARC21slim.xsd"
    xmlns="http://www.loc.gov/MARC21/slim">

  <leader>00813nam a2200169Ia 4500</leader>
  <controlfield tag="008">090711s9999    xx            000 0 und d</controlfield>
  <datafield tag="082" ind1=" " ind2=" ">
    <subfield code="b">5818</subfield>
  </datafield>
  <datafield tag="100" ind1=" " ind2=" ">
    <subfield code="a">&#x91C;&#x94B;&#x936;&#x940; &#x936;&#x902;&#x915;&#x930; &#x92A;&#x941;.</subfield>
  </datafield>
  <datafield tag="245" ind1=" " ind2=" ">
    <subfield code="a">&#x92E;&#x930;&#x93E;&#x920;&#x92F;&#x93E;&#x902;S&#x92F;&#x93E; &#x938;&#x924;&#x94D;&#x924;&#x947;S&#x93E;&#x93E; &#x909;&#x924;&#x94D;&#x924;&#x930;&#x947;&#x915;&#x921;&#x940;&#x932; &#x935;&#x93F;&#x938;&#x94D;&#x924;&#x93E;&#x930;</subfield>
  </datafield>
  <datafield tag="260" ind1=" " ind2=" ">
    <subfield code="b">"&#x92D;&#x93E;&#x930;&#x924;&#x940;&#x92F; &#x907;&#x924;&#x93F;&#x939;&#x93E;&#x938; &#x938;&#x902;&#x936;&#x94B;&#x927;&#x928; &#x938;&#x92E;&#x93F;&#x924;&#x940;, &#x92E;&#x939;&#x93E;&#x930;&#x93E;&#x937;&#x94D;&#x91F;&#x94D;&#x930;"</subfield>
    <subfield code="c">1937</subfield>
  </datafield>
  <datafield tag="300" ind1=" " ind2=" ">
    <subfield code="a">80</subfield>
  </datafield>
  <datafield tag="600" ind1=" " ind2=" ">
    <subfield code="a">&#x91C;&#x94B;&#x936;&#x940; &#x936;&#x902;&#x915;&#x930; &#x92A;&#x941;.</subfield>
  </datafield>
  <datafield tag="630" ind1=" " ind2=" ">
    <subfield code="a">&#x92E;&#x930;&#x93E;&#x920;&#x92F;&#x93E;&#x902;S&#x92F;&#x93E; &#x938;&#x924;&#x94D;&#x924;&#x947;S&#x93E;&#x93E; &#x909;&#x924;&#x94D;&#x924;&#x930;&#x947;&#x915;&#x921;&#x940;&#x932; &#x935;&#x93F;&#x938;&#x94D;&#x924;&#x93E;&#x930;</subfield>
  </datafield>
  <datafield tag="700" ind1=" " ind2=" ">
    <subfield code="a">&#x91C;&#x94B;&#x936;&#x940; &#x936;&#x902;&#x915;&#x930; &#x92A;&#x941;.</subfield>
  </datafield>
  <datafield tag="730" ind1=" " ind2=" ">
    <subfield code="a">&#x92E;&#x930;&#x93E;&#x920;&#x92F;&#x93E;&#x902;S&#x92F;&#x93E; &#x938;&#x924;&#x94D;&#x924;&#x947;S&#x93E;&#x93E; &#x909;&#x924;&#x94D;&#x924;&#x930;&#x947;&#x915;&#x921;&#x940;&#x932; &#x935;&#x93F;&#x938;&#x94D;&#x924;&#x93E;&#x930;</subfield>
  </datafield>
  <datafield tag="942" ind1=" " ind2=" ">
    <subfield code="c">BOOK</subfield>
  </datafield>
  <datafield tag="999" ind1=" " ind2=" ">
    <subfield code="c">320252</subfield>
    <subfield code="d">320252</subfield>
  </datafield>
</record>
